Joint RICS/RTPI conference Developing for leisure at RICS, 13 February 1991 (Record no. 93664)
[ view plain ]
| 000 -LEADER | |
|---|---|
| fixed length control field | 01145cam a2200349 4500 |
| 001 - CONTROL NUMBER | |
| control field | B3405 |
| 008 - FIXED-LENGTH DATA ELEMENTS--GENERAL INFORMATION | |
| fixed length control field | 090401t1991 xxu||||| |||| 00| 0 eng d |
| 035 ## - SYSTEM CONTROL NUMBER | |
| System control number | (Sirsi) u55867 |
| 041 ## - LANGUAGE CODE | |
| Language code of text/sound track or separate title | eng |
| 050 ## - LIBRARY OF CONGRESS CALL NUMBER | |
| Classification number | 333.78 |
| 090 ## - LOCALLY ASSIGNED LC-TYPE CALL NUMBER (OCLC); LOCAL CALL NUMBER (RLIN) | |
| Classification number (OCLC) (R) ; Classification number, CALL (RLIN) (NR) | RICS 1991/10ABCD |
| 110 ## - MAIN ENTRY--CORPORATE NAME | |
| Corporate name or jurisdiction name as entry element | Institution and College Conferences |
| 9 (RLIN) | 2330 |
| 245 ## - TITLE STATEMENT | |
| Title | Joint RICS/RTPI conference Developing for leisure at RICS, 13 February 1991 |
| 260 ## - PUBLICATION, DISTRIBUTION, ETC. | |
| Place of publication, distribution, etc. | London |
| Name of publisher, distributor, etc. | ICC |
| Date of publication, distribution, etc. | 1991 |
| 300 ## - PHYSICAL DESCRIPTION | |
| Extent | 8 papers |
| 350 ## - PRICE (NR) (BK AM CF MU VM SE) [OBSOLETE] | |
| Price | 24 |
| 520 ## - SUMMARY, ETC. | |
| Summary, etc. | Papers by: Gordon,C. , Paumier,C. , Pryor,R.D. , Ryan,M. , Shepley,C. , Sutcliff- e,P. , Terry,B. , Welbank,M. brief notes only. Paper by Berry not printed. Details on participants, programme and paper synopsis included in A copy only. |
| 650 ## - SUBJECT ADDED ENTRY--TOPICAL TERM | |
| Topical term or geographic name entry element | CONFERENCE |
| 650 ## - SUBJECT ADDED ENTRY--TOPICAL TERM | |
| Topical term or geographic name entry element | DEVELOPMENT |
| 650 ## - SUBJECT ADDED ENTRY--TOPICAL TERM | |
| Topical term or geographic name entry element | FINANCE |
| 650 ## - SUBJECT ADDED ENTRY--TOPICAL TERM | |
| Topical term or geographic name entry element | FOOTBALL STADIA |
| 650 ## - SUBJECT ADDED ENTRY--TOPICAL TERM | |
| Topical term or geographic name entry element | HERITAGE |
| 650 ## - SUBJECT ADDED ENTRY--TOPICAL TERM | |
| Topical term or geographic name entry element | LEISURE |
| 650 ## - SUBJECT ADDED ENTRY--TOPICAL TERM | |
| Topical term or geographic name entry element | LOCAL AUTHORITIES |
| 650 ## - SUBJECT ADDED ENTRY--TOPICAL TERM | |
| Topical term or geographic name entry element | METROCENTRE |
| 650 ## - SUBJECT ADDED ENTRY--TOPICAL TERM | |
| Topical term or geographic name entry element | ROYAL INSTITUTION OF CHARTERED SURVEYORS |
| 650 ## - SUBJECT ADDED ENTRY--TOPICAL TERM | |
| Topical term or geographic name entry element | ROYAL TOWN PLANNING INSTITUTE |
| 650 ## - SUBJECT ADDED ENTRY--TOPICAL TERM | |
| Topical term or geographic name entry element | STADIA |
| 650 ## - SUBJECT ADDED ENTRY--TOPICAL TERM | |
| Topical term or geographic name entry element | WATERFRONT DEVELOPMENT |
| 942 ## - ADDED ENTRY ELEMENTS (KOHA) | |
| Suppress in OPAC | 0 |
| 948 ## - LOCAL PROCESSING INFORMATION (OCLC); SERIES PART DESIGNATOR (RLIN) | |
| c (OCLC) | 04/03/1997 |
| Withdrawn status | Lost status | Source of classification or shelving scheme | Damaged status | Not for loan | Home library | Current library | Shelving location | Date acquired | Cost, normal purchase price | Total Checkouts | Full call number | Barcode | Date last seen | Copy number | Cost, replacement price | Price effective from | Koha item type |
|---|---|---|---|---|---|---|---|---|---|---|---|---|---|---|---|---|---|
| Dewey Decimal Classification | London | London | RICS Boxes | 14/09/1999 | 24.00 | RICS 1991/10 | 30005352 | 06/08/2019 | 1 | 24.00 | 06/08/2019 | Book | |||||
| Dewey Decimal Classification | London | London | RICS Boxes | 14/09/1999 | 24.00 | RICS 1991/10 | 30022609 | 06/08/2019 | 2 | 24.00 | 06/08/2019 | Archive | |||||
| Dewey Decimal Classification | London | London | RICS Boxes | 14/09/1999 | 24.00 | RICS 1991/10 | 30005353 | 06/08/2019 | 1 | 24.00 | 06/08/2019 | Book | |||||
| Dewey Decimal Classification | London | London | RICS Boxes | 23/03/1993 | 24.00 | RICS 1991/10 | 30043974 | 06/08/2019 | 2 | 24.00 | 06/08/2019 | Reference material |